6th congress international show caves association : proceedings /

Uložené v:
Podrobná bibliografia
Korporatívny autor: The international show caves association Demänovská dolina, Slovensko
Ďalší autori: Bella, Pavel, 1962- (Editor), Gažík, Peter, 1952- (Editor)
Médium: Kniha
Jazyk:English
Vydané: Liptovský Mikuláš : State Nature Conservancy of the Slovak Republic, Slovak Caves Administration, 2011.
Vydanie:[1st ed.]
Témy:
ISBN: 9788089310593 (brož.)
Fyzický popis: 199 s. : fotogr., grafy, mp., tab. ; 23 cm.
Tagy: Pridať tag
Žiadne tagy, Buďte prvý kto otaguje tento záznam!

MARC

LEADER 00000nam a2200000 a 4500
001 000377708
005 20120214134354.0
008 111109s2011 xo bdlog 000 0 eng d
020 |a 9788089310593 (brož.) 
040 |a SVKKK  |b slo  |c SVKKK  |e AACR2 
041 0 |a eng  |b eng 
044 |a xo  |c SK 
072 7 |a 551  |x Geológia. Meteorológia. Klimatológia  |2 konspekt 
080 |a 551  |2 2001 
080 |a (437.6)  |2 2001 
080 |a (062.534)  |2 2001 
111 2 |a The international show caves association  |n (6. :  |d 2010 :  |c Demänovská dolina, Slovensko) 
245 1 0 |a 6th congress international show caves association :  |b proceedings /  |c [editors: Pavel Bella, Peter Gažík]. 
246 3 2 |a ISCA 6th congress 2010 
250 |a [1st ed.] 
260 |a Liptovský Mikuláš :  |b State Nature Conservancy of the Slovak Republic, Slovak Caves Administration,  |c 2011. 
300 |a 199 s. :  |b fotogr., grafy, mp., tab. ;  |c 23 cm. 
500 |a Údaj o edit. prevzatý z rubu titul. strany 
504 |a Bibl. odkazy 
546 |a Abstrakt angl. 
650 0 7 |a jaskyne  |2 SVKKKPH 
651 7 |a Slovensko  |2 SVKKKPH 
655 0 7 |a zborníky konferencií  |2 SVKKKPH 
700 1 |a Bella, Pavel,  |d 1962-  |4 edt 
700 1 |a Gažík, Peter,  |d 1952-  |4 edt 
910 |a svkkk 
919 |a 978-80-89310-59-3 
998 |a BK 
090 |g SCKHL  |k Sklad Hlavná 10 prízemie  |a IV.213451  |j 1033224  |i 2720253748  |s Absenčne